| 000 | 00428cam a22001457a 4500 | ||
|---|---|---|---|
| 008 | 180718b1972 xxu||||| |||| 00| 0 eng d | ||
| 082 | _aL82 In2 | ||
| 100 | _aSaxena, A.P. | ||
| 245 |
_aMaterials planning in emergency _cBy A.P. Saxena |
||
| 260 |
_aDelhi _bIndian Institute of Public Administration _c1972 |
||
| 300 | _a47p. | ||
| 500 | _aRs.4.00 | ||
| 650 | _aInventories | ||
| 700 | _aIndian Institute of Public Administration | ||
| 999 |
_c475800 _d475800 |
||